| 000 | 00389nam a22001577a 4500 | ||
|---|---|---|---|
| 005 | 20251110100315.0 | ||
| 008 | 251110b |||||||| |||| 00| 0 eng d | ||
| 020 | _a978-9914-773-84-2 | ||
| 100 | _aOPIYO JANET | ||
| 245 | _aKAGA | ||
| 260 |
_aNAIROBI _bAFRICAN INK PUBLISHERS _c2025 |
||
| 300 | _aV,74P. | ||
| 500 | _aINCLUDES AN INDEX | ||
| 650 | _aSWAHILI-FICTION | ||
| 942 |
_2lcc _cBK |
||
| 999 |
_c216146 _d216146 |
||